000 00415ntaaa2200169 4500
003 01
005 20251027202916.0
008 0714s1973 ag 01
040 _aAR-BaBN
_bspa
_cAR-BaBN
_eaacr
_dRIC
082 _a922.8000 L43
100 _aLawrence, Una Roberts de
_928659
245 _aCarlota Moon
250 _a1 ed.
260 _aBuenos Aires :
_bJunta de Publicaciones,
_c1949
300 _a256 p
942 _cBK
999 _c24304
_d24304